Gaming Quiz

Random Gaming or Toys Quiz
Score 0/16 Timer 05:00
2 Plays Today
% Correct
LEGO Spider-Man
99.5%
Barbie
96.9%
Despicable Me Minion
95.8%
Big Bird - SpongeBob SquarePants - Bart Simpson
94.8%
Buzz Lightyear
94.7%
Lightning McQueen
91.9%
E.T.
91.7%
Transformers
90.9%
% Correct
Snow White
89.3%
Winnie-the-Pooh
88.8%
Teenage Mutant Ninja Turtles
85.8%
PSP
84.7%
Buffy the Vampire Slayer
81.9%
Donald Duck
74.1%
Harry Potter
68.4%
G.I. Joe
41.2%

You're not logged in!

Compare scores with friends on all Sporcle quizzes.
OR
Log In

Sporcle TV

Today on Sporcle TV


Watch our educational content, quiz creation guides, and fun videos on Sporcle TV.

Show Comments

Extras

Top Quizzes Today


Score Distribution

Your Account Isn't Verified!

In order to create a playlist on Sporcle, you need to verify the email address you used during registration. Go to your Sporcle Settings to finish the process.

Report this User

Report this user for behavior that violates our Community Guidelines.

Details: